[Event "Noale Szabados Memorial-B 1st"]
[Site "Noale"]
[Date "2008.02.10"]
[Round "4"]
[White "De Col, Daniele"]
[Black "Simionato, Jessica"]
[Result "1-0"]
[WhiteElo "1427"]
[BlackElo "1389"]
[PlyCount "77"]
[EventDate "2008.02.08"]
[EventType "swiss"]
[EventRounds "5"]
[EventCountry "ITA"]
[SourceTitle "EXT 2022"]
[Source "ChessBase"]
[SourceDate "2021.10.06"]
[SourceVersion "1"]
[SourceVersionDate "2021.10.06"]
[SourceQuality "1"]

1. Nf3 d5 2. d4 Bg4 3. Nbd2 Nc6 4. c3 Nf6 5. Qc2 e6 6. e4 Bxf3 7. gxf3 Bd6 8. Bb5 Bf4 9. e5 Nh5 10. h4 f6 11. exf6 Qxf6 12. Bxc6+ bxc6 13. Nb3 Bxc1 14. Qxc1 Qxf3 15. Rg1 Nf4 16. Qe3 Nd3+ 17. Kd2 Qxe3+ 18. fxe3 Nxb2 19. Rxg7 Nc4+ 20. Kd3 0-0-0 21. Nc5 Rdf8 22. Nxe6 Rf3 23. Rxc7+ Kb8 24. Rb1+ Nb6 25. Rxc6 Rf6 26. a4 Re8 27. Nc7 Rxc6 28. Nxe8 Kc8 29. a5 Na4 30. Rb3 Ra6 31. Rb5 Rc6 32. Rxd5 Rxc3+ 33. Ke4 Rc6 34. Nd6+ Kb8 35. Nb5 a6 36. Rd8+ Rc8 37. Rxc8+ Kxc8 38. Nd6+ Kd7 39. Ke5 1-0

[Event "Treviso TWE op-B 31st"]
[Site "Treviso"]
[Date "2007.12.08"]
[Round "3.8"]
[White "Borsato, Mirko"]
[Black "Simionato, Jessica"]
[Result "1-0"]
[WhiteElo "1628"]
[BlackElo "1365"]
[PlyCount "63"]
[EventDate "2007.12.07"]
[EventType "swiss"]
[EventRounds "5"]
[EventCountry "ITA"]
[SourceTitle "EXT 2024"]
[Source "ChessBase"]
[SourceDate "2023.10.10"]
[SourceVersion "1"]
[SourceVersionDate "2023.10.10"]
[SourceQuality "1"]

1. Nf3 d5 2. d4 Nc6 3. c3 f6 4. Bf4 Bf5 5. e3 e6 6. Bb5 Nge7 7. Nbd2 Qd7 8. Nb3 Ng6 9. Na5 Rb8 10. Qa4 Nge7 11. 0-0 a6 12. Bxc6 Nxc6 13. b4 Nxa5 14. Qxa5 Bd6 15. Bxd6 cxd6 16. Rfc1 Bd3 17. Nd2 Rc8 18. Qa3 0-0 19. Qb3 Qc6 20. f3 Bc4 21. Qb2 e5 22. e4 dxe4 23. fxe4 Bd3 24. a4 b5 25. axb5 axb5 26. d5 Qb6+ 27. Kh1 f5 28. exf5 Rxf5 29. Nf3 e4 30. Nd4 Rxd5 31. Qa2 e3 32. Qxd5+ 1-0